1316 1206 1536 1483 1047 1326 1588 1865 1580 1711 1652 1077 1691 1584 1431 1811 1324 1873 1667 1415 1771 1970 1512 1009 1189 1762 1902 1753 1935 1119 1529 1113 1948 1714 1341 1328 1872 1471 1131 1475 1200 1161 1074 1694 1251 1375 1743 1634 1474 1304 1477 1928 1930 1732 1879 1381 1443 1180 1457 1527 1687 1489 1390 1119 1470 1680 1054 1296 1006 1044 1235 1964 1968 1195 1016 1133 1624 1132 1745 1878 1674 1163 1165 1712 1488 1056 1181 1402 1162 1574 1320 1883 1330 1958 1266 1289 1394 1668 1912 BCNSPRNW ULIB Ver.6.0+V

เปลี่ยนเป็นภาษาไทย

Change to English
 แสดงรายละเอียดบรรณานุกรม
  กลับหน้าหลัก

Brief Record : Get Marc (ISO 2709) : E-mail record : QR code < ปิดหน้าต่าง
LEADER : 00000nam 2200000uu 4500
001    13399128283
003     ULIB
008    230529s2565||||th 000 0 tha d
020    ^a9786165931885
060  4 ^aWY159^bณ261ก
100 0  ^aณัชนันท์ ชีวานนท์
245 10 ^aการพยาบาลทารกแรกเกิดน้ำหนักน้อย =^bNursing care of low birth weight infants /^cณัชนันท์ ชีวานนท์
246 31 ^aNursing care of low birth weight infants
250    ^aพิมพ์ครั้งที่ 1
260    ^aเชียงใหม่ :^bวนิดาการพิมพ์,^c2565
300    ^aก-ช, 227 หน้า :^bภาพประกอบ
500    ^aบรรณานุกรม : ณัชนันท์ ชีวานนท์. (2565). การพยาบาลทารกแรกเกิดน้ำหนักน้อย. เชียงใหม่: วนิดาการพิมพ์.
505 0  ^a^tบทที่ 1 บทนำ: ทารกแรกเกิดน้ำหนักน้อย -- ^tบทที่ 2 แนวคิดและทฤษฎีที่เกี่ยวข้องกับการพยาบาลทารกแรกเกิดน้ำหนักน้อย -- ^tบทที่ 3 การพยาบาลทารกแรกเกิดน้ำหนักน้อยที่มีปัญหาระบบทางเดินหายใจ -- ^tบทที่ 4 การพยาบาลทารกแรกเกิดน้ำหนักน้อยที่มีปัญหาการติดเชื้อ -- ^tบทที่ 5 การพยาบาลทารกแรกเกิดน้ำหนักน้อยที่มีปัญหาระบบโลหิตและต่อมไร้ท่อ -- ^tบทที่ 6 การพยาบาลทารกแรกเกิดน้ำหนักน้อยที่มีปัญหาระบบประสาท -- ^tบทที่ 7 บทสรุป
650  7 ^aการพยาบาลทารกแรกเกิด
650  7 ^aทารกแรกเกิดน้ำหนักน้อย
650  7 ^aการดูแลทารก
856    ^a^zการพยาบาลทารกแรกเกิดน้ำหนักน้อย (10053573).pdf (สารบัญหนังสือ)^uhttp://61.19.69.198/ULIB//_fulltext/Content ::/13399138227/20220922084440_3055.pdf
945    ^p360^l0^i009385
945    ^p360^l0^i009386
945    ^p360^l0^i009387
945    ^p360^l0^i009388
945    ^p360^l0^i009389
945    ^p360^l0^i009390
945    ^p360^l0^i009391
999    ^aประนอม เกษจรัล
รายการนี้ยังไม่มีแท็ก
คุณยังไม่ได้ล็อกอิน คุณสามารถมีกิจกรรมร่วมกับเว็บไซต์ได้ แต่ต้องล็อกอินก่อน ::
  ล็อกอิน

รายการสื่อสารสนเทศ

ลำดับที่ ประเภท เลขเรียก/บาร์โค้ด สถานที่ สถานะ
1. Book การพยาบาล
หนังสือสำรอง
สถานะ=หนังสือสำรอง
WY159 ณ261ก ฉ.1 
  Barcode: 009385
ห้องสมุดวิทยาเขตสวรรค์ประชารักษ์
►หนังสือทั่วไป
บนชั้น
2. Book การพยาบาล
Book การพยาบาล
WY159 ณ261ก ฉ.2 
  Barcode: 009386
ห้องสมุดวิทยาเขตสวรรค์ประชารักษ์
►หนังสือทั่วไป
ถูกยืม กำหนดส่งวันที่ 30 มีนาคม 2568
  จอง
3. Book การพยาบาล
Book การพยาบาล
WY159 ณ261ก ฉ.3 
  Barcode: 009387
ห้องสมุดวิทยาเขตสวรรค์ประชารักษ์
►หนังสือทั่วไป
บนชั้น
4. Book การพยาบาล
Book การพยาบาล
WY159 ณ261ก ฉ.4 
  Barcode: 009388
ห้องสมุดวิทยาเขตสวรรค์ประชารักษ์
►หนังสือทั่วไป
บนชั้น
5. Book การพยาบาล
Book การพยาบาล
WY159 ณ261ก ฉ.5 
  Barcode: 009389
ห้องสมุดวิทยาเขตสวรรค์ประชารักษ์
►หนังสือทั่วไป
บนชั้น
6. Book การพยาบาล
Book การพยาบาล
WY159 ณ261ก ฉ.6 
  Barcode: 009390
ห้องสมุดวิทยาเขตสวรรค์ประชารักษ์
►หนังสือทั่วไป
บนชั้น
7. Book การพยาบาล
Book การพยาบาล
WY159 ณ261ก ฉ.7 
  Barcode: 009391
ห้องสมุดวิทยาเขตสวรรค์ประชารักษ์
►หนังสือทั่วไป
บนชั้น

รายการใกล้เคียง
    ผู้แต่ง [ณัชนันท์ ชีวานนท์]

    หัวเรื่อง [การพยาบาลทารกแรกเกิด]
    หัวเรื่อง [ทารกแรกเกิดน้ำหนักน้อย]
    หัวเรื่อง [การดูแลทารก]

BibComment


ยังไม่เคยถูกคอมเมนท์

คอมเมนท์ทรัพยากรรายการนี้
  คอมเมนท์: การพยาบาลทารกแรก..


 Copyright 2026. Bcnsprnw @Library